Law for business / (Record no. 777)

MARC details
000 -LEADER
fixed length control field 00696nam a2200229 a 4500
001 - CONTROL NUMBER
control field 777
005 - DATE AND TIME OF LATEST TRANSACTION
control field 20221127090023.0
008 - FIXED-LENGTH DATA ELEMENTS--GENERAL INFORMATION
fixed length control field 050920s lxxua 00100 eng d
020 ## - INTERNATIONAL STANDARD BOOK NUMBER
International Standard Book Number 007297611X :
Terms of availability SR194.00
035 ## - SYSTEM CONTROL NUMBER
System control number 790
082 04 - DEWEY DECIMAL CLASSIFICATION NUMBER
Classification number 346.7307
Item number B261 2006
100 1# - MAIN ENTRY--PERSONAL NAME
Personal name Barnes, A. James.
245 10 - TITLE STATEMENT
Title Law for business /
Statement of responsibility, etc. A. James Barnes, Terry Dworkin, Eric Richards.
250 ## - EDITION STATEMENT
Edition statement 9th ed.
260 ## - PUBLICATION, DISTRIBUTION, ETC.
Place of publication, distribution, etc. Boston :
Name of publisher, distributor, etc. McGraw-Hill,
Date of publication, distribution, etc. 2006.
300 ## - PHYSICAL DESCRIPTION
Extent xxxiii, 1006 p. :
Other physical details ill. ;
Dimensions 26 cm.
500 ## - GENERAL NOTE
General note Includes index.
650 #4 - SUBJECT ADDED ENTRY--TOPICAL TERM
Topical term or geographic name entry element Commercial law
Geographic subdivision United States
650 #4 - SUBJECT ADDED ENTRY--TOPICAL TERM
Topical term or geographic name entry element Business law
Geographic subdivision United States
700 1# - ADDED ENTRY--PERSONAL NAME
Personal name Richards, Eric L.,
Relator term jt. auth.
700 1# - ADDED ENTRY--PERSONAL NAME
Personal name Dworkins, Terry M.,
Relator term jt. auth.
Holdings
Withdrawn status Lost status Source of classification or shelving scheme Damaged status Not for loan Home library Current library Date acquired Total Checkouts Full call number Barcode Date last seen Copy number Price effective from Koha item type
          CENTRAL CENTRAL 11/27/2022   346.7307 B261 2006 1000000000624 11/27/2022 C1 11/27/2022 Book
          CENTRAL CENTRAL 11/27/2022   346.7307 B261 2006 1000000000625 11/27/2022 C2 11/27/2022 Book